The Hindu speaks on religious values / (Record no. 143512)

MARC details
000 -LEADER
fixed length control field 00488nam a22001817a 4500
005 - DATE AND TIME OF LATEST TRANSACTION
control field 20170817155628.0
010 ## - LCCN (DPL NO)
LC control number ENG-119715
020 ## - INTERNATIONAL STANDARD BOOK NUMBER
Terms of availability 300.00
035 ## - SYSTEM CONTROL NUMBER
System control number EN-103247
037 ## - SOURCE OF ACQUISITION
Source of stock number/acquisition DBAD/PUB
082 ## - DEWEY DECIMAL CLASSIFICATION NUMBER
Classification number 230.2
245 ## - TITLE STATEMENT
Title The Hindu speaks on religious values /
260 ## - PUBLICATION, DISTRIBUTION, ETC. (IMPRINT)
Place of publication, distribution, etc Chennai
Name of publisher, distributor, etc Kasturi & Sons Ltd.
Date of publication, distribution, etc 2017
270 ## - ADDRESS
Address 859-860, Anna Salai
City Chennai
Postal code 600002
300 ## - PHYSICAL DESCRIPTION
Extent xxi,747p.
Dimensions 21cm
500 ## - GENERAL NOTE
General note Includes index
942 ## - ADDED ENTRY ELEMENTS (KOHA)
Source of classification or shelving scheme Dewey Decimal Classification
Item type English Books
Classification part 230.2
Call number suffix THE
Holdings
Withdrawn status Lost status Not for loan Collection code Home library Current library Date acquired Source of acquisition Cost, normal purchase price Full call number Barcode Copy number Cost, replacement price Koha item type
      Non-fiction Narela Narela 17/08/2017 DBAD/PUB 300.00 230.2 THE EN-103247 1 300.00 English Books

© Delhi Public Library
Hit Counter
free hit counter